Por qué te llevaste mi peineta amarilla y me dejaste solo en París?: novela

محفوظ في:
التفاصيل البيبلوغرافية
المؤلف الرئيسي: Huneeus Cox, Pablo (autor)
التنسيق: كتاب
اللغة:الإسبانية
منشور في: Santiago Nueva generación 1983
الطبعة:4a. ed
الموضوعات:
الوسوم: إضافة وسم
لا توجد وسوم, كن أول من يضع وسما على هذه التسجيلة!

MARC

LEADER 00000nam a2200000 a 4500
001 UCZ0011
003 CL-VaPUC
008 950724e19830400CL |||||||||||||||||spa|d
082 0 4 |a Ch863  |b HUN  |2 21 
100 |a Huneeus Cox, Pablo  |e autor  |9 588797 
245 1 0 |a Por qué te llevaste mi peineta amarilla y me dejaste solo en París?: novela 
250 |a 4a. ed 
300 |a 279 p 
942 |c BK 
945 |d 19950724 00:00:00  |a cmena 
260 |a Santiago  |b Nueva generación  |c 1983 
650 0 |a Novelas chilenas   |9 265425 
650 0 |a Literatura chilena   |9 308278 
583 |a last modification  |c 19950724 00:00:00  |k Rodrigo Vera 
999 |c 236990  |d 236988